| 000 | 00937nam a22003137a 4500 | ||
|---|---|---|---|
| 003 | CHAP | ||
| 005 | 20220817042353.0 | ||
| 008 | 971013s1972 r 00010 d | ||
| 010 | _a42509 | ||
| 011 | _a43481 | ||
| 035 | _a47617 | ||
| 040 | _cCHAP | ||
| 090 | _aFolleto 3256 | ||
| 110 |
_aE.U.A. Department of Agriculture _934876 |
||
| 245 | _aSarna demodéctica del ganado vacuno | ||
| 260 |
_aMéxico, D. F. : _bCentro Regional de Ayuda Técnica, _c1972 |
||
| 300 | _as.p. | ||
| 490 |
_aLeaflet _v; 438 |
||
| 590 |
_aBATCH-UPD _b10 _c20130110 _lUCH01 _h1125 |
||
| 590 |
_aBATCH-UPD _b10 _c20130410 _lUCH01 _h0715 |
||
| 590 |
_aBATCH-UPD _b10 _c20130914 _lUCH01 _h1529 |
||
| 590 |
_aCONVERSION _b10 _c20130109 _lUCH01 _h1323 |
||
| 650 | 1 | 4 |
_aGanado vacuno _xParásitos. _945500 |
| 650 | 1 | 4 |
_aSarna. _9102655 |
| 830 | 0 |
_aLeaflet _v; 438 |
|
| 901 | _aBK | ||
| 942 | _cFOLL | ||
| 949 |
_aFolleto 3256 _bBC _cFOLL _d-108146 _eTS1 _i47617 _mD _si |
||
| 999 |
_c42509 _d42509 |
||